Sainte-beuve et la critique litteraire contemporaine. actes du colloque tenu a liege, 6/8 oct. 1969 /

Guardado en:
Autor Principal: Liege. Universite
Formato: Libro
Publicado: Paris : Les Belles Lettres, 1972
Materias:
Etiquetas: Agregar Etiqueta
Sin Etiquetas, Sea el primero en etiquetar este registro!
LEADER 00543nam a22001575a 4500
001 EHU.bham009781
003 AR-BHAM
005 20080104174536.0
008 130507s1972##################000#0#####d
082 8 4 |a 844.907 
100 1 |a Liege. Universite 
245 1 0 |a Sainte-beuve et la critique litteraire contemporaine. actes du colloque tenu a liege, 6/8 oct. 1969 /  |c Liege. Universite 
260 |a Paris :  |b Les Belles Lettres,  |c 1972 
300 |a 210 p. 
653 |a Novela francesa-1901- 
859 |a AR-BHAM  |b BIB. HUMANIDADES - General  |h 844.907  |i L623  |p 365.72  |t Ej.1